<Les> nostres vides, els nostres cossos, la nostra llibertat : (Record no. 35319)

MARC details
000 -LEADER
campo de control de longitud fija 01572nam a2200421Ia 4500
001 - NÚMERO DE CONTROL
campo de control 045303
008 - DATOS DE LONGITUD FIJA--INFORMACIÓN GENERAL
campo de control de longitud fija 221003m2015 xx 000 0 cat d
035 ## - NÚMERO DE CONTROL DEL SISTEMA
Número de control de sistema CENDO_35320
041 ## - CÓDIGO DE IDIOMA
Código de lengua del texto/banda sonora o título independiente cat
111 2# - ENTRADA PRINCIPAL--NOMBRE DE CONGRESO/REUNIÓN
Nombre de congreso/reunión o jurisdicción como elemento de entrada DIA INTERNACIONAL DE LA ELIMINACION DE LA VIOLENCIA CONTRA LA MUJER
Fecha del congreso o de la firma del tratado 2015
9 (RLIN) 29653
245 #0 - MENCIÓN DEL TÍTULO
Título <Les> nostres vides, els nostres cossos, la nostra llibertat :
Resto del título NO a les violències masclistes : Manifest de CCOO per al 25-N, Dia Internacional per a l'Eliminació de la Violència envers les Dones
260 ## - PUBLICACIÓN, DISTRIBUCIÓN, ETC.
Lugar de publicación, distribución, etc. Barcelona :
Nombre del editor, distribuidor, etc. Secretaria de la Dona de CCOO de Catalunya,
Fecha de publicación, distribución, etc. 2015
300 ## - DESCRIPCIÓN FÍSICA
Extensión 1 p. ;
Dimensiones 30 cm
500 ## - NOTA GENERAL
Nota general En: Treballadora, n. 40 (noviembre 2015), p. 12
650 #0 - PUNTO DE ACCESO ADICIONAL DE MATERIA--TÉRMINO DE MATERIA
Término de materia o nombre geográfico como elemento de entrada DIA INTERNACIONAL DE LA ELIMINACION DE LA VIOLENCIA CONTRA LA MUJER
9 (RLIN) 10927
650 #0 - PUNTO DE ACCESO ADICIONAL DE MATERIA--TÉRMINO DE MATERIA
Término de materia o nombre geográfico como elemento de entrada ACTITUD SINDICAL
9 (RLIN) 61
650 ## - PUNTO DE ACCESO ADICIONAL DE MATERIA--TÉRMINO DE MATERIA
Término de materia o nombre geográfico como elemento de entrada DISCRIMINACION POR RAZONES DE SEXO
9 (RLIN) 201
650 #0 - PUNTO DE ACCESO ADICIONAL DE MATERIA--TÉRMINO DE MATERIA
Término de materia o nombre geográfico como elemento de entrada VIOLENCIA
9 (RLIN) 2442
650 ## - PUNTO DE ACCESO ADICIONAL DE MATERIA--TÉRMINO DE MATERIA
Término de materia o nombre geográfico como elemento de entrada PROBLEMA SOCIAL
9 (RLIN) 1072
650 ## - PUNTO DE ACCESO ADICIONAL DE MATERIA--TÉRMINO DE MATERIA
Término de materia o nombre geográfico como elemento de entrada MUJERES
9 (RLIN) 199
650 ## - PUNTO DE ACCESO ADICIONAL DE MATERIA--TÉRMINO DE MATERIA
Término de materia o nombre geográfico como elemento de entrada DERECHOS DE LA MUJER
9 (RLIN) 392
650 #0 - PUNTO DE ACCESO ADICIONAL DE MATERIA--TÉRMINO DE MATERIA
Término de materia o nombre geográfico como elemento de entrada IGUALDAD DE OPORTUNIDADES
9 (RLIN) 590
650 ## - PUNTO DE ACCESO ADICIONAL DE MATERIA--TÉRMINO DE MATERIA
Término de materia o nombre geográfico como elemento de entrada PREVENCION
9 (RLIN) 4589
650 ## - PUNTO DE ACCESO ADICIONAL DE MATERIA--TÉRMINO DE MATERIA
Término de materia o nombre geográfico como elemento de entrada RESPONSABILIDAD SOCIAL
9 (RLIN) 7563
650 #0 - PUNTO DE ACCESO ADICIONAL DE MATERIA--TÉRMINO DE MATERIA
Término de materia o nombre geográfico como elemento de entrada PROTECCION SOCIAL
9 (RLIN) 62
650 ## - PUNTO DE ACCESO ADICIONAL DE MATERIA--TÉRMINO DE MATERIA
Término de materia o nombre geográfico como elemento de entrada CONFLICTO SOCIAL
9 (RLIN) 368
650 #0 - PUNTO DE ACCESO ADICIONAL DE MATERIA--TÉRMINO DE MATERIA
Término de materia o nombre geográfico como elemento de entrada COMUNIDADES AUTONOMAS
9 (RLIN) 344
650 ## - PUNTO DE ACCESO ADICIONAL DE MATERIA--TÉRMINO DE MATERIA
Término de materia o nombre geográfico como elemento de entrada CATALUÑA
9 (RLIN) 539
710 ## - ENTRADA AGREGADA--NOMBRE DE ENTIDAD CORPORATIVA
Nombre de entidad corporativa o nombre de jurisdicción como elemento de entrada CCOO
Unidad subordinada CONC
-- Secretaria de la Dona
Término indicativo de función/relación ed.
9 (RLIN) 18189
856 ## - LOCALIZACIÓN Y ACCESO ELECTRÓNICOS
Nota pública PDF
Identificador Uniforme de Recursos <a href="http://docpublicos.ccoo.es/cendoc/045303NoViolenciasMachistas.pdf">http://docpublicos.ccoo.es/cendoc/045303NoViolenciasMachistas.pdf</a>
901 ## - ELEMENTOS DE DATOS A LOCAL LDA (RLIN)
a 0
903 ## - ELEMENTOS DE DATOS C LOCAL, LDC (RLIN)
a NO
904 ## - ELEMENTOS DE DATOS D LOCAL, LDD (RLIN)
a 000
907 ## - ELEMENTOS DE DATOS G LOCAL, LDG (RLIN)
a 25 de Noviembre
910 ## - DATOS DE OPCIÓN DEL USUARIO (OCLC)
Datos de opción del usuario 2015
942 ## - ELEMENTOS DE ENTRADA SECUNDARIOS (KOHA)
Tipo de ítem Koha Documento Electrónico
Fuente del sistema de clasificación o colocación Clasificación Decimal Dewey
Holdings
Estatus retirado Estado de pérdida Estado de daño No para préstamo Biblioteca de origen Biblioteca actual Fecha de adquisición Enumeración/cronología de publicación seriada Total de préstamos Código de barras Visto por última vez Copia número Precio de reemplazo Tipo de ítem Koha
        CENDO CENDO 01/12/2015 Treballadora, n. 40 (noviembre 2015), p. 12   CENDO_35320 05/10/2022 PS49 05/10/2022 Documento Electrónico